000
00285nam a2200109Ia 4500
008
190913s9999||||xx |||||||||||||| ||und||
100
_a
Kristin G. Esterberg
245
0
_a
Qualitative Methods in Social Research
260
_a
New York
_b
Prentice Hall
_c
1996
300
_a
450
942
_c
BK
999
_c
8255
_d
8255